[Event "3rd Cambridge Int Open"]
[Site "Cambridge ENG"]
[Date "2025.05.28"]
[Round "4.31"]
[White "Botteley, Michael T"]
[Black "Badacsonyi, Frankie"]
[Result "0-1"]
[BlackTitle "FM"]
[WhiteElo "1947"]
[BlackElo "2190"]
[WhiteFideId "427411"]
[BlackFideId "460400"]
[EventDate "2025.05.26"]

1. Nf3 d5 2. c4 e6 3. g3 d4 4. d3 Nc6 5. Bg2 Bc5 6. O-O Nf6 7. Nbd2 O-O 8. Nb3
Be7 9. e3 dxe3 10. Bxe3 a5 11. d4 a4 12. Nc1 Ng4 13. Bf4 Bf6 14. Ne2 e5 15. dxe5
Ngxe5 16. Nxe5 Nxe5 17. Qc2 c6 18. Rad1 Qa5 19. Rd2 Bg4 20. Nd4 Rad8 21. Be3 Bh5
22. Be4 h6 23. Kg2 Ng4 24. Rd3 Rfe8 25. Bxc6 bxc6 26. Nxc6 Qa8 27. Rxd8 Bxd8 0-1

[Event "3rd Cambridge Int Open"]
[Site "Cambridge ENG"]
[Date "2025.05.28"]
[Round "4.32"]
[White "Payne, Matthew J"]
[Black "Ward, Cian"]
[Result "0-1"]
[WhiteElo "2116"]
[BlackElo "1946"]
[WhiteFideId "417084"]
[BlackFideId "475599"]
[EventDate "2025.05.26"]

1. e4 e6 2. d4 d5 3. e5 c5 4. c3 Nc6 5. Nf3 Qb6 6. Bd3 cxd4 7. O-O Bd7 8. Re1 a6
9. a3 Rc8 10. h4 dxc3 11. Nxc3 Bc5 12. Qe2 Nd4 13. Nxd4 Bxd4 14. Nd1 Ne7 15. Qh5
Ng6 16. g3 Bb5 17. Bxb5+ Qxb5 18. Be3 Bxe3 19. Nxe3 Qxb2 20. f4 d4 21. Nf1 O-O
22. Rab1 Qxa3 23. Rxb7 Qc5 24. Kh2 d3 25. Rb2 Qd4 26. Rd2 Rc2 27. Qd1 Rfc8 28.
Ne3 Rxd2+ 29. Qxd2 h6 30. Rd1 Rc3 31. Ng2 Rb3 32. Qa2 Rb2 33. Qxa6 Rxg2+ 34.
Kxg2 Qe4+ 35. Kh3 Nxf4+ 36. gxf4 Qf3+ 37. Kh2 Qxf4+ 38. Kh3 Qf3+ 39. Kh2 Qxd1
40. Qa8+ Kh7 41. Qe4+ g6 42. Qf4 Qc2+ 43. Kg3 Kg8 44. Qd4 d2 45. Qd8+ Kh7 46.
Qe7 Qf5 47. Qd6 g5 48. hxg5 hxg5 49. Qxd2 Qxe5+ 50. Kh3 Qf4 51. Qd8 Kg6 52. Qg8+
Kf6 53. Qd8+ Kf5 54. Qd3+ Qe4 55. Qf1+ Kg6 56. Qa1 f6 57. Kg3 Qe5+ 0-1

[Event "3rd Cambridge Int Open"]
[Site "Cambridge ENG"]
[Date "2025.05.28"]
[Round "4.33"]
[White "Volovich, Julia"]
[Black "Brewer, Callum D"]
[Result "1/2-1/2"]
[WhiteElo "1945"]
[BlackElo "2154"]
[WhiteFideId "447099"]
[BlackFideId "435309"]
[EventDate "2025.05.26"]

1. d4 Nf6 2. c4 e6 3. Nc3 Bb4 4. Qc2 d5 5. a3 Bxc3+ 6. Qxc3 O-O 7. Bg5 c5 8.
dxc5 d4 9. Qf3 Nbd7 10. e3 h6 11. Bxf6 Nxf6 12. O-O-O e5 13. Ne2 d3 14. Nc3 Bg4
15. Rxd3 Qa5 16. Qxb7 Rab8 17. Qc6 Rb3 18. f3 e4 19. Nxe4 Qe1+ 20. Kc2 Rxd3 21.
Bxd3 Qxh1 22. Nxf6+ gxf6 23. fxg4 Qxh2 24. Qxf6 Qxg2+ 25. Kc3 Qh1 26. Qf4 1/2-1/2

[Event "3rd Cambridge Int Open"]
[Site "Cambridge ENG"]
[Date "2025.05.28"]
[Round "4.34"]
[White "Brett, Andrew R"]
[Black "Hedger, Alec"]
[Result "1-0"]
[WhiteElo "2057"]
[BlackElo "1924"]
[WhiteFideId "416460"]
[BlackFideId "453943"]
[EventDate "2025.05.26"]

1. d4 d5 2. Nf3 c6 3. Bf4 Qb6 4. Qc1 Nf6 5. e3 Bf5 6. Nbd2 Nbd7 7. c4 e6 8. c5
Qd8 9. h3 h6 10. Be2 a5 11. O-O b6 12. cxb6 Qxb6 13. Ne5 Nxe5 14. dxe5 Nd7 15.
Rd1 g5 16. Bg3 Bg7 17. Nf3 c5 18. a4 O-O 19. Bb5 Rfd8 20. Qc3 Rac8 21. Rac1 Nb8
22. Nd2 Bf8 23. e4 Bg6 24. h4 g4 25. Qe3 Nd7 26. exd5 exd5 27. Nc4 Qe6 28. Nxa5
c4 29. Nb7 Re8 30. Qd2 Be4 31. Nd6 Bxd6 32. exd6 Red8 33. Bxd7 Rxd7 34. Qd4 Rf8
35. Re1 f5 36. Bf4 Qf6 37. Qe3 Qxh4 38. Ra1 Rb8 39. Qd4 Qd8 40. a5 h5 41. a6 h4
42. a7 Ra8 43. Bd2 h3 44. Rxe4 dxe4 45. Bc3 Rxd6 46. Qg7# 1-0

[Event "3rd Cambridge Int Open"]
[Site "Cambridge ENG"]
[Date "2025.05.28"]
[Round "4.35"]
[White "Myall, Ivan J"]
[Black "Dasgupta, Avyukt"]
[Result "0-1"]
[WhiteElo "1924"]
[BlackElo "2142"]
[WhiteFideId "425168"]
[BlackFideId "480630"]
[EventDate "2025.05.26"]

1. e4 e6 2. d4 d5 3. e5 c5 4. c3 Nc6 5. Nf3 Bd7 6. a3 Qb6 7. b4 cxd4 8. cxd4 Rc8
9. Bb2 Na5 10. Bd3 Nc4 11. Bc3 Be7 12. O-O Nh6 13. Ra2 O-O 14. Bc2 f6 15. Qd3 g6
16. Re1 fxe5 17. dxe5 Nf5 18. Bd4 Nxd4 19. Qxd4 Qxd4 20. Nxd4 a5 21. bxa5 Bc5
22. Nf3 g5 23. h3 h5 24. Bd3 g4 25. Bxc4 dxc4 26. Ng5 g3 27. Ne4 gxf2+ 28. Nxf2
c3 29. Nxc3 Bxf2+ 30. Rxf2 Rxf2 31. Kxf2 Rxc3 32. Re3 Rc2+ 33. Kg3 Kg7 34. Kh4
Rxg2 35. Kxh5 Be8+ 36. Kh4 Kg6 37. Rf3 Bd7 38. Rf6+ Kg7 39. Rf4 Re2 40. Rd4 Bc6
41. a6 bxa6 42. Rd6 Bd5 43. Rxa6 Kg6 44. Kg4 Rg2+ 45. Kf4 Kh5 46. Ra7 Rf2+ 47.
Ke3 Rf3+ 48. Kd4 Rxh3 49. Kc5 Rc3+ 50. Kd6 Rc6+ 51. Ke7 Kg5 52. Ra4 Kf5 53. Rh4
Kxe5 54. Rh5+ Kd4 55. Rh4+ Kc3 56. Kf6 Kb3 57. Rb4+ Kxa3 58. Rb8 Rc4 59. Rb1 Rb4
60. Ra1+ Kb2 61. Ra5 Re4 62. Rc5 Bc4 63. Rc7 Kc3 64. Rd7 Bd5 65. Rd8 Kd4 66. Rb8
Rf4+ 67. Kg5 Rf7 68. Rb4+ Bc4 69. Kg6 e5 70. Rb1 Bd3+ 71. Kg5 0-1

[Event "3rd Cambridge Int Open"]
[Site "Cambridge ENG"]
[Date "2025.05.28"]
[Round "4.36"]
[White "Hughes, Roy"]
[Black "Mittal, Aditya"]
[Result "1-0"]
[WhiteElo "2014"]
[BlackElo "1849"]
[WhiteFideId "412481"]
[BlackFideId "499250"]
[EventDate "2025.05.26"]

1. d4 Nf6 2. Bf4 d5 3. e3 c5 4. c3 Qb6 5. Qb3 c4 6. Qc2 Bf5 7. Qxf5 Nbd7 8. Qc2
e6 9. Be2 h6 10. h3 g5 11. Bh2 Ne4 12. Nd2 f5 13. Bh5+ Ke7 14. Nxe4 fxe4 15. f3
e5 16. fxe4 dxe4 17. O-O-O Qc6 18. Ne2 Bg7 19. Bg4 Nf6 20. Bxe5 Nxg4 21. hxg4
Rag8 22. Bxg7 Rxg7 23. Ng3 Kd8 24. Qxe4 Qa4 25. Nf5 Rd7 26. Qe5 Rdh7 27. Kb1 h5
28. Rdf1 Kc8 29. Nd6+ Kd7 30. Nf7 hxg4 31. Nxh8 Rxh1 32. Rxh1 Kc8 33. Nf7 b6 34.
Nd6+ Kd7 35. Qe8+ 1-0

[Event "3rd Cambridge Int Open"]
[Site "Cambridge ENG"]
[Date "2025.05.28"]
[Round "4.37"]
[White "Kirupakaran, Vishnu"]
[Black "Schroer, Marcel"]
[Result "0-1"]
[WhiteElo "1847"]
[BlackElo "2085"]
[WhiteFideId "443492"]
[BlackFideId "1012908"]
[EventDate "2025.05.26"]

1. e4 c6 2. b3 d5 3. Bb2 dxe4 4. Nc3 Nf6 5. Nge2 g6 6. Ng3 Bg7 7. Ncxe4 O-O 8.
Ng5 Qd5 9. h4 h6 10. c4 Qc5 11. Nf3 Ng4 12. Ne4 Qf5 13. Nc3 Bd4 14. Qe2 Bxf2+
15. Kd1 Bg3 16. Ne4 Qxe4 0-1

[Event "3rd Cambridge Int Open"]
[Site "Cambridge ENG"]
[Date "2025.05.28"]
[Round "4.38"]
[White "Shivakumar, Akshath"]
[Black "Pereslavtsev, Alexandr"]
[Result "0-1"]
[WhiteElo "1819"]
[BlackElo "2093"]
[WhiteFideId "499765"]
[BlackFideId "343401449"]
[EventDate "2025.05.26"]

1. d4 Nf6 2. c4 c5 3. d5 b5 4. cxb5 a6 5. bxa6 g6 6. Nc3 Bg7 7. g3 O-O 8. Bg2 d6
9. Nf3 Nxa6 10. O-O Bf5 11. Re1 Ne4 12. Bd2 Qb6 13. Nh4 Nxd2 14. Qxd2 Bd7 15.
Rab1 Rfb8 16. Nf3 Nc7 17. a3 Qb3 18. Rec1 Nb5 19. Nxb5 Rxb5 20. e4 Rab8 21. Rc2
Qa2 22. Qc1 Rxb2 23. Rbxb2 Rxb2 24. Rxb2 Bxb2 25. Qd2 Qxa3 26. Qe2 Qb3 27. Bf1
Bg4 28. Kg2 c4 29. h3 c3 30. Qd3 Bd7 31. Nd4 Qa4 32. Be2 Qa1 33. Nc2 Qc1 34. Qd1
Qxd1 35. Bxd1 Ba4 36. Kf3 f5 37. Ke3 fxe4 38. Kxe4 Bb3 39. Kd4 Kf7 40. f4 Kf6
41. Ke4 Bc1 42. Kd4 Bd2 43. Ke4 Kf7 44. Kd4 Ke8 45. Ke4 Kd7 46. Kd4 Kc7 47. Ke4
Kb7 48. g4 Kb6 49. Kd4 Bxf4 50. Kxc3 Bxd5 51. Kd4 Bg2 52. h4 e5+ 53. Kd3 Kc5 54.
Ne1 Bc6 55. Nf3 e4+ 56. Kc3 exf3 57. Bxf3 Bxf3 58. h5 d5 59. hxg6 hxg6 60. Kd3
d4 61. Kc2 Kc4 62. Kb2 d3 63. Ka3 d2 64. Ka4 d1=Q+ 65. Ka5 Bc7+ 66. Ka6 Qa4# 0-1

[Event "3rd Cambridge Int Open"]
[Site "Cambridge ENG"]
[Date "2025.05.28"]
[Round "4.39"]
[White "Jones, Graeme"]
[Black "Kueh, Audrey"]
[Result "0-1"]
[BlackTitle "WFM"]
[WhiteElo "1781"]
[BlackElo "2054"]
[WhiteFideId "343409083"]
[BlackFideId "421596"]
[EventDate "2025.05.26"]

1. e4 c6 2. d4 d5 3. e5 Bf5 4. Nc3 a6 5. Bd3 Bxd3 6. Qxd3 e6 7. Nge2 c5 8. O-O
Nc6 9. Be3 Nge7 10. Ng3 cxd4 11. Bxd4 Nxd4 12. Qxd4 Nc6 13. Qf4 Qc7 14. Rfe1
O-O-O 15. a3 g6 16. Qf6 Bc5 17. Rad1 Bd4 18. Rxd4 Nxd4 19. Rd1 Nc6 20. f4 Qb6+
21. Kh1 Qxb2 22. Nge2 d4 23. Rb1 dxc3 24. Rxb2 cxb2 25. Nc3 b1=R+ 0-1

[Event "3rd Cambridge Int Open"]
[Site "Cambridge ENG"]
[Date "2025.05.28"]
[Round "4.40"]
[White "Chantrell, Paul"]
[Black "Kothari, Jai"]
[Result "0-1"]
[WhiteElo "1749"]
[BlackElo "2007"]
[WhiteFideId "451967"]
[BlackFideId "477117"]
[EventDate "2025.05.26"]

1. e4 c5 2. Nf3 Nc6 3. d4 cxd4 4. Nxd4 g6 5. Nc3 Bg7 6. Be3 Nf6 7. Bc4 O-O 8.
Bb3 Re8 9. Nxc6 dxc6 10. Qxd8 Rxd8 11. f3 b6 12. Kf2 Ba6 13. Ne2 Nd7 14. c3 Ne5
15. Bc2 Nc4 16. Rab1 Nxe3 17. Kxe3 Bh6+ 18. Kf2 Rd2 19. Bd1 Rad8 20. g3 Bd3 21.
Ra1 Rxb2 22. h4 Bd2 23. Bb3 Bxc3 0-1

[Event "3rd Cambridge Int Open"]
[Site "Cambridge ENG"]
[Date "2025.05.28"]
[Round "4.41"]
[White "Vaidyanathan, Adithya"]
[Black "Prince, Alan R"]
[Result "1-0"]
[WhiteElo "2137"]
[BlackElo "1803"]
[WhiteFideId "495450"]
[BlackFideId "2402165"]
[EventDate "2025.05.26"]

1. d4 Nf6 2. Nf3 g6 3. c4 Bg7 4. Nc3 d6 5. e4 O-O 6. h3 e5 7. Be3 exd4 8. Nxd4
Re8 9. Bd3 Nbd7 10. O-O Nc5 11. f3 Nh5 12. Nde2 Qh4 13. Qd2 Qe7 14. Bc2 Be6 15.
b3 a5 16. Rad1 b6 17. f4 f5 18. Rf3 fxe4 19. Nxe4 Bxc4 20. Bxc5 Bxe2 21. Bxd6
cxd6 22. Qxe2 Nf6 23. Qc4+ Qe6 24. Nxd6 Qxc4 25. Nxc4 Re2 26. Rf2 Rxf2 27. Kxf2
Rc8 28. Bb1 Bf8 29. Kf3 Bc5 30. a4 Re8 31. g4 Re7 32. Bc2 Nd7 33. h4 Kg7 34. g5
Nb8 35. Be4 Na6 36. h5 Nc7 37. hxg6 hxg6 38. Ne5 Ne6 39. Nxg6 Rf7 40. Kg4 Nd4
41. f5 1-0

[Event "3rd Cambridge Int Open"]
[Site "Cambridge ENG"]
[Date "2025.05.28"]
[Round "4.42"]
[White "Verbytski, Oleg"]
[Black "Bay-Petersen, Ole"]
[Result "1-0"]
[WhiteElo "1976"]
[BlackElo "1780"]
[WhiteFideId "495506"]
[BlackFideId "430188"]
[EventDate "2025.05.26"]

1. e4 e6 2. d4 d5 3. Nd2 c5 4. exd5 exd5 5. Ngf3 Nc6 6. Be2 Bd6 7. dxc5 Bxc5 8.
Nb3 Bd6 9. Nbd4 Nge7 10. c3 O-O 11. O-O a6 12. a4 Qc7 13. h3 Nxd4 14. Nxd4 Be5
15. Be3 Bf4 16. Bxf4 Qxf4 17. Bd3 Bf5 18. Re1 Be6 19. Qc2 Qh6 20. Qe2 Nc6 21.
Nxe6 Rae8 22. Bxh7+ Kh8 23. Nxf8 Rxe2 24. Rxe2 g6 25. Re8 Kg7 26. Rae1 Qd2 27.
f4 Qxb2 28. Bxg6 fxg6 29. Ne6+ Kh7 30. Rf8 Qxc3 31. Ng5+ Kh6 32. Ree8 Qc1+ 33.
Kh2 1-0

[Event "3rd Cambridge Int Open"]
[Site "Cambridge ENG"]
[Date "2025.05.28"]
[Round "4.43"]
[White "Berkley, Stephen W"]
[Black "Skettos, Nicolas"]
[Result "0-1"]
[WhiteElo "1740"]
[BlackElo "1961"]
[WhiteFideId "486850"]
[BlackFideId "5900670"]
[EventDate "2025.05.26"]

1. d4 Nf6 2. c4 e6 3. Nc3 Bb4 4. e3 O-O 5. Bd3 c5 6. Nf3 b6 7. O-O Bb7 8. a3
Bxc3 9. bxc3 d6 10. Nd2 Qe7 11. e4 Nc6 12. Bb2 Rac8 13. f4 cxd4 14. cxd4 e5 15.
fxe5 dxe5 16. d5 Na5 17. Qe2 Ba6 18. Kh1 Nd7 19. Bc3 Nb7 20. Bb4 Ndc5 21. Rf3
Nd6 22. Rh3 g6 23. Rc1 Rfe8 24. Bxc5 Rxc5 25. Nb3 Rc7 26. c5 Bxd3 27. Rxd3 bxc5
28. Rxc5 Rxc5 29. Nxc5 Nb5 30. Qe3 Nd4 31. Nb3 Rb8 32. h3 Qd6 33. Nxd4 Rb1+ 34.
Kh2 exd4+ 35. Qg3 Qc5 36. Qe5 Qc1 37. Qe8+ Kg7 38. Qe5+ Kh6 39. h4 Qg1+ 40. Kg3
Rb2 41. Qf4+ Kg7 42. Qf3 Qe1+ 43. Kh3 Rf2 44. Qg3 Qxe4 45. Qxf2 Qxd3+ 46. g3
Qf5+ 0-1

[Event "3rd Cambridge Int Open"]
[Site "Cambridge ENG"]
[Date "2025.05.28"]
[Round "4.44"]
[White "Pack, James"]
[Black "McLean, Rory"]
[Result "1-0"]
[WhiteElo "1884"]
[BlackElo "1762"]
[WhiteFideId "438294"]
[BlackFideId "447153"]
[EventDate "2025.05.26"]

1. c4 e6 2. g3 d5 3. Bg2 Nf6 4. Nf3 Be7 5. O-O O-O 6. b3 c6 7. Bb2 Nbd7 8. d3 b6
9. e4 dxe4 10. dxe4 Bb7 11. e5 Ne8 12. Qe2 Qc7 13. Nc3 Rd8 14. Rad1 c5 15. Ne4
f6 16. exf6 Nexf6 17. Neg5 e5 18. Nxe5 Bxg2 19. Nxd7 Bxf1 20. Qe6+ Kh8 21. Qxe7
Rde8 22. Nf7+ Kg8 23. Nxf6+ gxf6 24. Qxf6 1-0

[Event "3rd Cambridge Int Open"]
[Site "Cambridge ENG"]
[Date "2025.05.28"]
[Round "4.45"]
[White "Lee, Yuk Hei"]
[Black "Mork, Peter"]
[Result "1-0"]
[WhiteElo "1870"]
[BlackElo "1757"]
[WhiteFideId "343411061"]
[BlackFideId "1580604"]
[EventDate "2025.05.26"]

1. e4 c6 2. d4 d5 3. Nc3 dxe4 4. Nxe4 Nf6 5. Nxf6+ exf6 6. Nf3 Bd6 7. Bd3 O-O 8.
O-O Re8 9. h3 Nd7 10. c3 Nf8 11. Be3 Be6 12. Re1 Qd7 13. Nd2 Rad8 14. Ne4 Be7
15. Qc2 c5 16. Qe2 a6 17. Rad1 cxd4 18. Bxd4 Qc7 19. Qc2 Qa5 20. a4 Qh5 21. Ng3
Qa5 22. b4 Qd5 23. Bb6 Qg5 24. Bxd8 Bxd8 25. Qd2 Bb6 26. Qxg5 fxg5 27. a5 Ba7
28. Nf5 g6 29. Nd6 Re7 30. Nc8 1-0

[Event "3rd Cambridge Int Open"]
[Site "Cambridge ENG"]
[Date "2025.05.28"]
[Round "4.46"]
[White "Liu, Jacob"]
[Black "Warner, Nicholas"]
[Result "1-0"]
[WhiteElo "1825"]
[BlackElo "1741"]
[WhiteFideId "496960"]
[BlackFideId "343414400"]
[EventDate "2025.05.26"]

1. e4 c6 2. Nf3 d5 3. Nc3 Bg4 4. h3 Bh5 5. exd5 cxd5 6. g4 Bg6 7. Ne5 Nc6 8.
Nxg6 hxg6 9. d4 e6 10. Bf4 g5 11. Be3 a6 12. Bg2 Bd6 13. Qd2 Be7 14. Ne2 Nh6 15.
c3 f5 16. f3 f4 17. Bf2 Qd6 18. h4 Nf7 19. h5 b5 20. a3 Na5 21. Qc2 Qc6 22. Kf1
Qc4 23. b4 Nb7 24. Qg6 Bf6 25. h6 Ke7 26. h7 Nh6 27. Re1 Nf7 28. Kg1 e5 29. dxe5
Nxe5 30. Nd4 Qxc3 31. Rxe5+ Bxe5 32. Qe6+ Kf8 33. Qxe5 Kf7 34. Qf5+ Ke8 35. Qg6+
Kd8 36. Qxg5+ Ke8 37. Qe5+ Kd7 38. Qxg7+ 1-0

[Event "3rd Cambridge Int Open"]
[Site "Cambridge ENG"]
[Date "2025.05.28"]
[Round "4.47"]
[White "Matthews, Adrian M S"]
[Black "Xu, Jiarui"]
[Result "1/2-1/2"]
[WhiteElo "1800"]
[BlackElo "1725"]
[WhiteFideId "413631"]
[BlackFideId "471712"]
[EventDate "2025.05.26"]

1. e4 c6 2. d4 d5 3. exd5 cxd5 4. Bd3 Nf6 5. Bf4 Nc6 6. c3 e6 7. Nf3 a6 8. O-O
Be7 9. Nbd2 O-O 10. Ne5 Ne8 11. Qh5 f5 12. Nxc6 bxc6 13. Be5 Nf6 14. Qe2 Re8 15.
b4 Bd6 16. f3 Qc7 17. Nb3 Nd7 18. Bxd6 Qxd6 19. Bxf5 e5 20. Rfe1 e4 21. fxe4
dxe4 22. Bxe4 Nf6 23. Nc5 a5 24. Qd3 Rd8 25. Qg3 axb4 26. Qxd6 Rxd6 27. cxb4 Ra3
28. Nb3 Be6 29. Bc2 Nd5 30. Nc5 Bf7 31. Bb3 g6 32. Nd3 Nb6 33. Bxf7+ Kxf7 34.
Rf1+ Kg7 35. Ne5 Nd5 36. Rf7+ Kg8 37. Rb7 Ne3 38. Nf3 Nc2 39. Rf1 Rxa2 40. Ng5
Nxd4 41. Rb8+ Kg7 42. Rf7+ Kh6 43. h4 Kh5 44. Rxh7+ Kg4 45. Re8 Ne2+ 46. Kh2 Nf4
47. Re1 Rxg2+ 48. Kh1 Rdd2 49. Rg1 Re2 50. Rf7 Rxg1+ 51. Kxg1 Kg3 52. Kf1 Rf2+
53. Ke1 Ng2+ 54. Kd1 Ne3+ 55. Kc1 Rxf7 56. Nxf7 1/2-1/2

[Event "3rd Cambridge Int Open"]
[Site "Cambridge ENG"]
[Date "2025.05.28"]
[Round "4.48"]
[White "Richardson, Alan"]
[Black "Adams, Henry"]
[Result "0-1"]
[WhiteElo "1791"]
[BlackElo "2144"]
[WhiteFideId "343448828"]
[BlackFideId "464562"]
[EventDate "2025.05.26"]

1. d4 Nf6 2. Bf4 d5 3. Nf3 e6 4. e3 Bd6 5. Nbd2 O-O 6. Bd3 c5 7. c3 Nc6 8. Ne5
Qc7 9. Ndf3 Ne4 10. Nxc6 Bxf4 11. Ne7+ Qxe7 12. exf4 cxd4 13. Nxd4 Qf6 14. Qf3
e5 15. fxe5 Qxe5 16. O-O-O Qg5+ 0-1

[Event "3rd Cambridge Int Open"]
[Site "Cambridge ENG"]
[Date "2025.05.28"]
[Round "4.49"]
[White "Ewart, Thomas"]
[Black "Hutchinson, Norman A"]
[Result "0-1"]
[WhiteElo "1701"]
[BlackElo "1935"]
[WhiteFideId "343428290"]
[BlackFideId "411540"]
[EventDate "2025.05.26"]

1. c4 e6 2. g3 d5 3. Bg2 Nf6 4. Nf3 Be7 5. O-O O-O 6. b3 c5 7. d3 Nc6 8. Bb2 d4
9. e3 e5 10. exd4 exd4 11. Nbd2 Bf5 12. Ne1 Qd7 13. a3 Rfe8 14. Nb1 Bd6 15. Qd2
Bg4 16. Nc2 Re2 17. Qc1 Ne5 18. Rd1 Qf5 19. Ne1 Qxf2+ 20. Kh1 Nf3 0-1

[Event "3rd Cambridge Int Open"]
[Site "Cambridge ENG"]
[Date "2025.05.28"]
[Round "4.50"]
[White "Tso, Chi Wai"]
[Black "Siddhartha Shankar Srivastava"]
[Result "1/2-1/2"]
[WhiteElo "1881"]
[BlackElo "1647"]
[WhiteFideId "343461417"]
[BlackFideId "25780590"]
[EventDate "2025.05.26"]

1. Nf3 d5 2. d3 c5 3. g3 Nc6 4. Bg2 e5 5. Nbd2 Nf6 6. O-O Be7 7. b3 O-O 8. Bb2
Qc7 9. Qc1 Re8 10. e3 Be6 11. Ng5 Bf5 12. Ngf3 Rad8 13. Nh4 Be6 14. f4 exf4 15.
exf4 d4 16. Bf3 Bd5 17. Ng2 Bxf3 18. Nxf3 Nd5 19. Qd2 Bf6 20. Rae1 Ne3 21. Nxe3
Rxe3 22. Bc1 Rde8 23. Qf2 R3e7 24. Rxe7 Rxe7 25. Re1 h6 1/2-1/2

[Event "3rd Cambridge Int Open"]
[Site "Cambridge ENG"]
[Date "2025.05.28"]
[Round "4.51"]
[White "Leigh, Dominic"]
[Black "Gilsson, Asmund"]
[Result "0-1"]
[WhiteElo "1747"]
[BlackElo "1795"]
[WhiteFideId "428310"]
[BlackFideId "1541242"]
[EventDate "2025.05.26"]

1. d4 d5 2. c4 c6 3. Nf3 Nf6 4. Nc3 e6 5. Bg5 Nbd7 6. e3 Qa5 7. Nd2 Bb4 8. Qc2
dxc4 9. Bxf6 Nxf6 10. Nxc4 Qc7 11. a3 Bxc3+ 12. Qxc3 O-O 13. Be2 Re8 14. O-O Nd7
15. Rfd1 e5 16. dxe5 Nf8 17. Nd6 Re7 18. Nxc8 Rxc8 19. f4 Nd7 20. Bf3 Nb6 21.
Rd3 Rd8 22. Rad1 Red7 23. Kf2 g6 24. Ke2 h5 25. b4 a6 26. Rxd7 Rxd7 27. Rxd7
Qxd7 28. Qd4 Qxd4 29. exd4 Nc4 30. a4 Kf8 31. b5 cxb5 32. axb5 axb5 33. Bxb7 b4
34. Kd3 Nb6 35. Kc2 Nc4 36. Bd5 Ne3+ 37. Kb3 Nxd5 38. Kc4 Nxf4 39. g3 Nd5 40. h3
Ke7 41. g4 Ke6 42. Kb3 hxg4 43. hxg4 Ne3 44. Kxb4 Kd5 0-1

[Event "3rd Cambridge Int Open"]
[Site "Cambridge ENG"]
[Date "2025.05.28"]
[Round "4.52"]
[White "Doman, Richard"]
[Black "Letton, Rob"]
[Result "1-0"]
[WhiteElo "1661"]
[BlackElo "1786"]
[WhiteFideId "343447732"]
[BlackFideId "464384"]
[EventDate "2025.05.26"]

1. e4 c5 2. Nf3 g6 3. d4 cxd4 4. Nxd4 Bg7 5. c4 Nc6 6. Be3 d6 7. Nc3 Nf6 8. Be2
O-O 9. O-O Bd7 10. Qd2 Nxd4 11. Bxd4 Bc6 12. f3 a6 13. a4 Qd7 14. b4 Qc7 15. a5
e5 16. Bb6 Qe7 17. Rfd1 Nd7 18. Be3 Nf6 19. b5 axb5 20. cxb5 Bd7 21. Qxd6 Qxd6
22. Rxd6 Rfc8 23. Nd5 Be6 24. Ne7+ Kf8 25. Nxc8 Rxc8 26. Rc1 Ke7 27. Rxc8 Bxc8
28. Rd1 Nd7 29. a6 b6 30. Ra1 1-0

[Event "3rd Cambridge Int Open"]
[Site "Cambridge ENG"]
[Date "2025.05.28"]
[Round "4.53"]
[White "Pride, Stephen C"]
[Black "Volovich, Andrew"]
[Result "1-0"]
[WhiteElo "1640"]
[BlackElo "1628"]
[WhiteFideId "419680"]
[BlackFideId "472042"]
[EventDate "2025.05.26"]

1. d4 d5 2. Bf4 Bf5 3. c4 c6 4. e3 Qb6 5. Qb3 Nd7 6. Nc3 Ngf6 7. h3 e6 8. c5
Qxb3 9. axb3 Be7 10. Nf3 O-O 11. Be2 b6 12. b4 bxc5 13. bxc5 a5 14. O-O Ne4 15.
Nxe4 Bxe4 16. Rfc1 Ra7 17. Rc3 f6 18. Bd3 Bxd3 19. Rxd3 Ra6 20. Rda3 Rfa8 21.
Bc7 a4 22. b3 R8a7 23. Bg3 e5 24. Rxa4 Rxa4 25. bxa4 exd4 26. exd4 Bxc5 27. dxc5
Nxc5 28. Nd4 Ra6 29. a5 Nb7 30. Bc7 c5 31. Nf5 Kf7 32. Bb6 g6 33. Ne3 Ke6 34.
Kf1 d4 35. Nc4 Kd5 36. Ra4 Kc6 37. Ra1 Kd5 38. Rc1 f5 39. Ke2 g5 40. Kd3 Ra8 41.
Re1 Rf8 42. Re7 Nd6 43. Nxd6 Kxd6 44. Rc7 g4 45. Bxc5+ Kxc7 46. Bxf8 h5 47. Kxd4 1-0